01374nam a2200313 a 450000500170000000800410001701000170005802000260007503500170010103700210011804000180013908200060015710000160016324500530017926000430023227000330027530000310030849000290033950502960036852002070066465000340087165000310090565000290093665000250096565000220099065000200101265000130103270000150104520091210142547.0050202s2006 nyuab c 000 1 eng  aB-386364-374 a9780060577360c263.00 aB-386364-374 bBlueberry Books  adplbEnglish  aS aSage, Angie aFlyte /cby Angie Sage ; illustrated by Mark Zug aNew York bKatherine Tegen Booksc2007 a53rd StreetbNew Yorke10022 a532 p. :bill.c19cm(pbk)  aSeptimus Heap ;vbook. 2 aIncludes mini CD-ROM. Contents: Avoid sleuth! -- Top 10 tips for counter-feet players -- Guide to hatching dragons -- Aunt Zelda's problem page -- Web links for Septimus Heap -- Screensaver -- Game: The bones of DomDaniel -- About the author -- About Magyk, Flyte (Septimus Heap books 1 & 2) aWhen Princess Jenna is pursued by a dark wizard, it is the apprentice, Septimus Heap, who must save her while enduring such terrors as a night in the Forest with hungry wolverines and carnivorous trees. aPrincessesvJuvenile fiction. aWizardsvJuvenile fiction. aMagicvJuvenile fiction. aPrincessesvFiction. aWizardsvFiction. aMagicvFiction. aFantasy. aZug, Mark,